Biomedical polymers: Polymeric materials and pharmaceuticals for biomedical use (Record no. 37337)

MARC details
000 -LEADER
fixed length control field 00349nam a2200121Ia 4500
082 ## - DEWEY DECIMAL CLASSIFICATION NUMBER
Classification number 678:61
Item number GOL
245 #0 - TITLE STATEMENT
Title Biomedical polymers: Polymeric materials and pharmaceuticals for biomedical use
260 ## - PUBLICATION, DISTRIBUTION, ETC. (IMPRINT)
Place of publication New York
Year of publication 1980
700 ## - ADDED ENTRY--PERSONAL NAME
Personal name Goldberg, Eugene P
700 ## - ADDED ENTRY--PERSONAL NAME
Personal name Nakajima, Akio
942 ## - ADDED ENTRY ELEMENTS (KOHA)
Koha item type Books
Holdings
Withdrawn status Lost status Damaged status Not for loan Home library Current library Date acquired Full call number Accession Number Koha item type
        RRII Library RRII Library 16/12/2021 678:61 GOL 17723 Books